Manual del bibliotecario... / (Record no. 23879)

MARC details
000 -LEADER
campo de control de longitud fija 00563nam a2200181 i 4500
001 - NÚMERO DE CONTROL
campo de control 23879
003 - IDENTIFICADOR DE NÚMERO DE CONTROL
campo de control ES-MaACL
005 - FECHA Y HORA DE LA ÚLTIMA TRANSACCIÓN
campo de control 20230906152942.0
007 - CAMPO FIJO DE DESCRIPCIÓN FÍSICA--INFORMACIÓN GENERAL
campo de control de longitud fija t|
008 - DATOS DE LONGITUD FIJA--INFORMACIÓN GENERAL
campo de control de longitud fija 021213s1916 ag ||||1| spa d
100 1# - ENTRADA PRINCIPAL--NOMBRE DE PERSONA
Nombre de persona Amaral, Santiago M.
9 (RLIN) 21114
245 10 - MENCIÓN DEL TÍTULO
Título Manual del bibliotecario... /
Mención de responsabilidad, etc. Santiago M. Amaral ; con un prólogo de Enrique Herrero Ducloux.
250 ## - MENCION DE EDICION
Mención de edición 2ª ed.
260 ## - PUBLICACIÓN, DISTRIBUCIÓN, ETC.
Lugar de publicación, distribución, etc. La Plata :
Nombre del editor, distribuidor, etc. [s.n.],
Fecha de publicación, distribución, etc. 1916 (
Fabricante Talleres Horacio Benavides)
300 ## - DESCRIPCIÓN FÍSICA
Extensión 102 p. ;
Dimensiones 18 cm.
700 1# - ENTRADA AGREGADA--NOMBRE PERSONAL
Nombre de persona Herrero Ducloux, Enrique.
9 (RLIN) 63308
852 ## - LOCALIZACIÓN
Ubicación ES-MaACL
Número de control de estantería F-11278
Holdings
Estatus retirado Estado de pérdida Estado de daño No para préstamo Biblioteca de origen Biblioteca actual Ubicación en estantería Fecha de adquisición Fuente de adquisición Total de préstamos Signatura topográfica completa Código de barras Visto por última vez Precio de reemplazo Tipo de ítem Koha
        Biblioteca del Ateneo de Madrid Biblioteca del Ateneo de Madrid Sala Pecera Planta 2 17/01/2008     F-11278 1024609 23/02/2023 23/02/2023 Libro impreso